Business ethics : (Record no. 147769)

MARC details
000 -LEADER
fixed length control field 00810nam a2200229 a 4500
003 - CONTROL NUMBER IDENTIFIER
control field OSt
005 - DATE AND TIME OF LATEST TRANSACTION
control field 20240220114737.0
008 - FIXED-LENGTH DATA ELEMENTS--GENERAL INFORMATION
fixed length control field
040 ## - CATALOGING SOURCE
Transcribing agency NUST
Original cataloging agency NUST
Language of cataloging eng
Modifying agency NUST
Description conventions rda
050 ## - LIBRARY OF CONGRESS CALL NUMBER
Classification number HF5387 BUS
245 10 - TITLE STATEMENT
Title Business ethics :
Remainder of title readings book for BUS 300 /
Statement of responsibility, etc. edited by Robert G. Kennedy and Gary Atkinson ; with a preface by Kenneth G. Goodpaster.
260 ## - PUBLICATION, DISTRIBUTION, ETC.
Place of publication, distribution, etc. Minnesota :
Name of publisher, distributor, etc. University of St. Thomas,
Date of publication, distribution, etc. ©1986
300 ## - PHYSICAL DESCRIPTION
Extent viii, 153 pages. :
Other physical details illustrations
Dimensions 28 cm.
336 ## - CONTENT TYPE
Source rdacontent
Content type term text
Content type code txt
337 ## - MEDIA TYPE
Source rdamedia
Media type term unmediated
Media type code n
338 ## - CARRIER TYPE
Source rdacarrier
Carrier type term volume
Carrier type code nc
650 #1 - SUBJECT ADDED ENTRY--TOPICAL TERM
Topical term or geographic name entry element Business ethics
General subdivision Study and teaching.
700 ## - ADDED ENTRY--PERSONAL NAME
Personal name Atkinson, Gary.
700 ## - ADDED ENTRY--PERSONAL NAME
Personal name Kennedy, Robert G.
907 ## - LOCAL DATA ELEMENT G, LDG (RLIN)
a .
942 ## - ADDED ENTRY ELEMENTS (KOHA)
Koha item type Ordinary Loan Books
Call number prefix HF
Source of classification or shelving scheme Library of Congress Classification
Classification part HF5387
Call number suffix BUS
Suppress in OPAC No
Holdings
Withdrawn status Lost status Source of classification or shelving scheme Damaged status Not for loan Collection Home library Current library Shelving location Date acquired Source of acquisition Cost, normal purchase price Total Checkouts Full call number Barcode Date last seen Accession number Cost, replacement price Price effective from Koha item type Public note
    LCC     NFIC MAIN MAIN GEN 05/16/2023 Book Aid International 18.00 19 HF5387 BUS 92003003934 01/23/2023 8233 18.00 05/16/2023 BOOKS Donation